• 首页
  • 本馆介绍
  • 公告通知
  • 最新文献
  • 馆藏检索
  • 电子资源
  • 读者导购
  • 参考咨询
  • 我的图书馆
  • 登录
  • 详细信息显示
  • 放入我的书架
  • 预约/预借图书
  • 作者相关作品
  • 分类相关作品
  • 丛书相关作品
  • 出版社相关作品

书目信息

  • 表格格式
  • 工作单格式
  • 卡片格式
题名:
罗莎·卢森堡的社会主义思想研究
    
 
作者: 张建 著
分册:  
出版信息: 北京   九州出版社  2021
页数: 264页
开本: 24cm
丛书名: 马克思主义研究文库
单 册:
中图分类: D095.165
科图分类:
主题词: 卢森堡--lu sen bao--社会主义--政治思想--研究
电子资源:
ISBN: 978-7-5108-9593-7
000 01306oam2 2200277 450
001 2157985454
005 20211011172911.0
010    @a978-7-5108-9593-7@dCNY68.00
100    @a20210107d2021 em y0chiy50 ea
101 0  @achi
102    @aCN@b110000
105    @ay z 000yy
106    @ar
200 1  @a罗莎·卢森堡的社会主义思想研究@Aluo sha lu sen bao de she hui zhu yi si xiang yan jiu@f张建著
210    @a北京@c九州出版社@d2021
215    @a264页@d24cm
225 2  @a马克思主义研究文库@Ama ke si zhu yi yan jiu wen ku
300    @a2017年度教育部人文社会科学研究青年基金项目“罗莎·卢森堡的社会主义思想及其当代价值研究”最终成果
330    @a本书以卢森堡的社会主义思想为主线,结合第二国际时期卢森堡与其他马克思主义理论家在社会主义理论和实践问题上的思想交锋,在整体把握卢森堡的资本积累理论、自发性理论、帝国主义理论和总体性方法的基础上,对卢森堡社会主义思想的形成、逻辑、内容和当代价值进行全面深入的理论阐释,从而总结卢森堡作为马克思主义者的理论贡献,展示其思想魅力。
461  0 @12001 @a马克思主义研究文库
600  0 @a卢森堡@Alu sen bao@g(Luxemburg, Rosa)@f(1871-1919)@x社会主义@x政治思想@x研究
606 0  @a卢森堡@Alu sen bao@x社会主义@x政治思想@x研究
690    @aD095.165@v5
701  0 @a张建@Azhang jian@4著
801  0 @aCN@b百万庄@c20211006
905    @b1305913-16@dD095.165@e203@f4
    
    罗莎·卢森堡的社会主义思想研究/张建著.-北京:九州出版社,2021
    264页;24cm.-(马克思主义研究文库)
    2017年度教育部人文社会科学研究青年基金项目“罗莎·卢森堡的社会主义思想及其当代价值研究”最终成果
    
    ISBN 978-7-5108-9593-7:CNY68.00
    本书以卢森堡的社会主义思想为主线,结合第二国际时期卢森堡与其他马克思主义理论家在社会主义理论和实践问题上的思想交锋,在整体把握卢森堡的资本积累理论、自发性理论、帝国主义理论和总体性方法的基础上,对卢森堡社会主义思想的形成、逻辑、内容和当代价值进行全面深入的理论阐释,从而总结卢森堡作为马克思主义者的理论贡献,展示其思想魅力。
●
相关链接 在E读中查询图书 在五车中查询图书 在当当中查询图书 在豆瓣中查询图书


正题名:罗莎·卢森堡的社会主义思想研究     索取号:D095.165/203         预约/预借

序号 登录号 条形码 馆藏地/架位号 状态 备注
1 1305913   213059134   第一样本阅览室/ [索取号:D095.165/203] 在馆    
2 1305914   213059143   第一借阅区/ [索取号:D095.165/203] 在馆    
3 1305915   213059152   第一借阅区/ [索取号:D095.165/203] 在馆    
4 1305916   213059161   第一借阅区/ [索取号:D095.165/203] 在馆    
唐山师范学院图书馆 欢迎您!
大连网信软件有限公司© 版权所有